Statystyki dla Medaliści Ekstraklasy 1920-2020

Kliknij tutaj aby rozwiązać quiz!

Ogólne statystyki

  • Ten quiz został rozwiązany 189 razy
  • Średni wynik to 23 z 36

Statystyki odpowiedzi

#złotosrebrobrązrazemklub% Poprawnych
114131239Legia Warszawa
100%
573616Lech Poznań
99%
413131036Wisła Kraków
97%
2146929Ruch Chorzów
95%
3144725Górnik Zabrze
93%
65229Cracovia
91%
300022Lechia Gdańsk
90%
210213Jagiellonia Białystok
88%
122316Polonia Warszawa
88%
152125Zagłębie Lubin
88%
161113Piast Gliwice
87%
210213Pogoń Szczecin
87%
112338Śląsk Wrocław
87%
747314Widzew Łódź
87%
132136ŁKS Łódź
82%
102428Polonia Bytom
78%
190448GKS Katowice
76%
925613Warta Poznań
76%
132136Stal Mielec
72%
84307Pogoń Lwów
69%
161113Szombierki Bytom
64%
200437Zagłębie Sosnowiec
60%
260101GKS Bełchatów
59%
300022Amica Wronki
51%
260101GKS Tychy
50%
181102Garbarnia Kraków
49%
320011Odra Opole
47%
210213Dyskobolia
41%
320011Odra Wodzisław
41%
320011Hutnik Kraków
38%
250123Gwardia Warszawa
31%
320011Zagłębie Wałbrzych
10%
240134AKS Chorzów
9%
260101FC Katowice
8%
320011Górnik Radlin
8%
260101Wawel Kraków
8%

Rozkład punktacji

Percentyl według liczby udzielonych odpowiedzi

Procent ludzi z każdym wynikiem

Twoja historia wyników

Nie rozwiązałeś tego quizu